[Event "Montreal Choc des Generations"]
[Site "Montreal"]
[Date "2019.03.31"]
[Round "5.2"]
[White "Soudre, Nicolas"]
[Black "Durette, Francis"]
[Result "1-0"]
[WhiteElo "2067"]
[BlackElo "2011"]
[PlyCount "43"]
[EventDate "2019.03.29"]
[EventType "swiss"]
[EventRounds "5"]
[EventCountry "CAN"]
[SourceTitle "EXT 2022"]
[Source "ChessBase"]
[SourceDate "2021.10.06"]
[SourceVersion "1"]
[SourceVersionDate "2021.10.06"]
[SourceQuality "1"]

1. e4 d6 2. d4 g6 3. Nc3 Bg7 4. Be3 Nd7 5. Qd2 c5 6. 0-0-0 cxd4 7. Bxd4 Ngf6 8. f3 0-0 9. g4 a6 10. h4 b5 11. h5 Qa5 12. Kb1 b4 13. Nd5 Nxd5 14. Bxg7 Kxg7 15. exd5 Nf6 16. hxg6 fxg6 17. Qh6+ Kg8 18. g5 Nh5 19. Rxh5 gxh5 20. g6 hxg6 21. Qxg6+ Kh8 22. Bd3 1-0

[Event "Montreal Ligue elite du dimanche S10"]
[Site "Montreal"]
[Date "2019.02.24"]
[Round "3"]
[White "Soudre, Nicolas"]
[Black "Duong, Thanh Nha"]
[Result "1-0"]
[WhiteElo "2190"]
[BlackElo "2304"]
[PlyCount "83"]
[EventDate "2019.02.10"]
[EventType "swiss"]
[EventRounds "5"]
[EventCountry "CAN"]
[SourceTitle "EXT 2022"]
[Source "ChessBase"]
[SourceDate "2021.10.06"]
[SourceVersion "1"]
[SourceVersionDate "2021.10.06"]
[SourceQuality "1"]
[WhiteTeam "Puzzle Rushers"]
[BlackTeam "Les Veterans"]
[WhiteTeamCountry "CAN"]
[BlackTeamCountry "CAN"]

1. e4 c5 2. Nf3 d6 3. d4 cxd4 4. Nxd4 Nf6 5. Nc3 Nc6 6. g3 e6 7. Bg2 Bd7 8. 0-0 Be7 9. Nb3 0-0 10. a4 Nb4 11. Be3 Qb8 12. f4 Re8 13. g4 Bc6 14. g5 Nd7 15. Nd4 Bf8 16. h4 Nb6 17. Qe2 Bd7 18. a5 Nc8 19. Qf2 Ne7 20. f5 exf5 21. exf5 Nec6 22. g6 f6 23. gxh7+ Kh8 24. Nd5 Nxd5 25. Bxd5 Re5 26. c4 Nxd4 27. Bxd4 Rxf5 28. Qg2 Qe8 29. a6 Rxd5 30. cxd5 bxa6 31. Rxf6 Bh3 32. Rxf8+ Qxf8 33. Qxh3 Qf4 34. Bc3 Re8 35. Rf1 Qe4 36. Qg2 Qe3+ 37. Kh2 Qh6 38. Qg3 Re4 39. Kh3 Re3 40. Rf3 Re7 41. Rf8+ Kxh7 42. Qd3+ 1-0

[Event "Montreal Ligue elite du dimanche S10"]
[Site "Montreal"]
[Date "2019.02.17"]
[Round "2"]
[White "Tomb, Maroun"]
[Black "Soudre, Nicolas"]
[Result "0-1"]
[WhiteElo "2254"]
[BlackElo "2190"]
[PlyCount "126"]
[EventDate "2019.02.10"]
[EventType "swiss"]
[EventRounds "5"]
[EventCountry "CAN"]
[SourceTitle "EXT 2022"]
[Source "ChessBase"]
[SourceDate "2021.10.06"]
[SourceVersion "1"]
[SourceVersionDate "2021.10.06"]
[SourceQuality "1"]
[WhiteTeam "Food Masters"]
[BlackTeam "Puzzle Rushers"]
[WhiteTeamCountry "CAN"]
[BlackTeamCountry "CAN"]

1. e4 e6 2. d4 d5 3. Nd2 Nf6 4. e5 Nfd7 5. c3 c5 6. Ngf3 Nc6 7. Bd3 Qb6 8. 0-0 cxd4 9. cxd4 Nxd4 10. Nxd4 Qxd4 11. Nf3 Qb6 12. Qa4 Qb4 13. Qc2 Nc5 14. Bd2 Qa4 15. b3 Qd7 16. Be2 Be7 17. Be3 Na6 18. a3 Nb8 19. Rac1 Nc6 20. b4 a6 21. Bd3 h6 22. h4 Qd8 23. Rfe1 Bd7 24. Qd2 Rc8 25. Bb1 b5 26. Bc5 Bxc5 27. Rxc5 Ne7 28. Rxc8 Nxc8 29. h5 Nb6 30. Qf4 Nc4 31. Bd3 Qe7 32. Qg4 0-0 33. Qd4 Nxa3 34. Ra1 Nc4 35. Rxa6 Qxb4 36. Ra7 Rd8 37. Bc2 Kf8 38. Qd3 Nxe5 39. Nxe5 Qe1+ 40. Qf1 Qxe5 41. Bd3 b4 42. Rb7 Qd6 43. Qa1 Rb8 44. Ra7 b3 45. Bb1 b2 46. Qa5 d4 47. Ra6 Qd5 48. Qa3+ Kg8 49. Rd6 Qc4 50. Kh2 Be8 51. Qa7 Rc8 52. Rxd4 Qc5 53. Qxc5 Rxc5 54. Rb4 Rxh5+ 55. Kg3 Rb5 56. Rxb5 Bxb5 57. Kf4 f6 58. Ke3 Kf7 59. Kd2 Bc6 60. f3 g5 61. Kc3 h5 62. Kxb2 f5 63. Kc3 g4 0-1

[Event "Montreal Ligue elite du dimanche S9"]
[Site "Montreal"]
[Date "2018.11.18"]
[Round "4"]
[White "Masse, Hugues"]
[Black "Soudre, Nicolas"]
[Result "1/2-1/2"]
[WhiteElo "2268"]
[BlackElo "2207"]
[PlyCount "134"]
[EventDate "2018.09.23"]
[EventType "swiss"]
[EventRounds "5"]
[EventCountry "CAN"]
[SourceTitle "EXT 2022"]
[Source "ChessBase"]
[SourceDate "2021.10.06"]
[SourceVersion "1"]
[SourceVersionDate "2021.10.06"]
[SourceQuality "1"]
[WhiteTeam "FunkyChess"]
[BlackTeam "Alpha Edouards"]
[WhiteTeamCountry "CAN"]
[BlackTeamCountry "CAN"]

1. e4 e6 2. d4 d5 3. Nc3 Nf6 4. e5 Nfd7 5. f4 c5 6. Nf3 Nc6 7. Be3 a6 8. Qd2 b5 9. a3 Qa5 10. Ra2 Qb6 11. Ne2 b4 12. axb4 Nxb4 13. Ra1 Nc6 14. Rb1 Be7 15. dxc5 Bxc5 16. Ned4 a5 17. c3 a4 18. Bd3 Ba6 19. b4 axb3 20. Rxb3 Qc7 21. 0-0 Na5 22. Rbb1 Bxd3 23. Qxd3 Nc4 24. Bf2 h6 25. f5 Ndxe5 26. Nxe5 Qxe5 27. fxe6 0-0 28. Rbe1 Qc7 29. Kh1 Bxd4 30. exf7+ Rxf7 31. Bxd4 Raf8 32. Rxf7 Qxf7 33. Bc5 Qf5 34. Qe2 Rb8 35. h3 Rb1 36. Rxb1 Qxb1+ 37. Kh2 Qb8+ 38. Kh1 Qb1+ 39. Bg1 Qf5 40. Bd4 Qb1+ 41. Bg1 Qf5 42. Bf2 Kf7 43. Bg3 g6 44. Kh2 Qe6 45. Qf2+ Qf6 46. Qc5 Qe6 47. Qa7+ Qe7 48. Qd4 Qe6 49. Qa7+ Qe7 50. Qa8 Qe4 51. Qb7+ Kg8 52. Qc8+ Kf7 53. Qh8 Ne3 54. Qh7+ Ke8 55. Qg8+ Ke7 56. Qg7+ Ke8 57. Qg8+ Ke7 58. Qg7+ Ke8 59. Qe5+ Qxe5 60. Bxe5 h5 61. Kg3 Kf7 62. Kf3 Nc4 63. Kf4 Nd2 64. Bd4 Ke6 65. Kg5 Kf7 66. Kf4 Ke6 67. Kg5 Kf7 1/2-1/2

[Event "Montreal Ligue elite du dimanche S9"]
[Site "Montreal"]
[Date "2018.10.21"]
[Round "3"]
[White "Soudre, Nicolas"]
[Black "Chiku Ratte, Olivier Kenta"]
[Result "0-1"]
[WhiteElo "2207"]
[BlackElo "2398"]
[PlyCount "79"]
[EventDate "2018.09.23"]
[EventType "swiss"]
[EventRounds "5"]
[EventCountry "CAN"]
[SourceTitle "EXT 2022"]
[Source "ChessBase"]
[SourceDate "2021.10.06"]
[SourceVersion "1"]
[SourceVersionDate "2021.10.06"]
[SourceQuality "1"]
[WhiteTeam "Alpha Edouards"]
[BlackTeam "Chess Homies"]
[WhiteTeamCountry "CAN"]
[BlackTeamCountry "CAN"]

1. e4 c5 2. Nf3 Nc6 3. Bb5 g6 4. 0-0 Bg7 5. Bxc6 dxc6 6. d3 Bg4 7. Nc3 Nf6 8. Be3 Nd7 9. h3 Bxf3 10. Qxf3 Qa5 11. Bd2 0-0 12. Qe2 Rad8 13. Kh1 e5 14. a3 Qc7 15. b4 b5 16. Be3 Qd6 17. Rfb1 a6 18. f3 Rfe8 19. Qf2 Bf8 20. g4 Ra8 21. Ne2 a5 22. bxc5 Nxc5 23. Rd1 Ne6 24. d4 exd4 25. Nxd4 Rad8 26. Rd2 Nxd4 27. Rxd4 Qf6 28. Rad1 Bxa3 29. R1d3 Be7 30. Kg2 a4 31. Qd2 Rxd4 32. Bxd4 Qe6 33. Qh6 Bf8 34. Qg5 Ra8 35. Bc5 h6 36. Qe3 Bg7 37. f4 Qc4 38. Rd2 a3 39. Bxa3 Qc3 40. Bc1 0-1

[Event "Montreal Ligue elite du dimanche S9"]
[Site "Montreal"]
[Date "2018.10.14"]
[Round "2"]
[White "Huang, Qiuyu"]
[Black "Soudre, Nicolas"]
[Result "0-1"]
[WhiteElo "2250"]
[BlackElo "2207"]
[PlyCount "116"]
[EventDate "2018.09.23"]
[EventType "swiss"]
[EventRounds "5"]
[EventCountry "CAN"]
[SourceTitle "EXT 2022"]
[Source "ChessBase"]
[SourceDate "2021.10.06"]
[SourceVersion "1"]
[SourceVersionDate "2021.10.06"]
[SourceQuality "1"]
[WhiteTeam "L33la"]
[BlackTeam "Alpha Edouards"]
[WhiteTeamCountry "CAN"]
[BlackTeamCountry "CAN"]

1. e4 e5 2. Nf3 Nc6 3. Bc4 Bc5 4. c3 Nf6 5. d3 0-0 6. b4 Be7 7. 0-0 d5 8. exd5 Nxd5 9. Re1 a6 10. h3 Bf6 11. Qb3 Nb6 12. Be3 Nxc4 13. dxc4 Be6 14. Rd1 Qc8 15. Nbd2 b5 16. a4 bxc4 17. Qb2 Bd5 18. Qc2 Rd8 19. Ne4 Be7 20. Neg5 g6 21. b5 Na5 22. Nxe5 Bf6 23. Ngf3 Nb3 24. Rab1 axb5 25. axb5 Qb7 26. Ng4 Bg7 27. Bg5 Re8 28. Nd2 Nxd2 29. Qxd2 Bxg2 30. Nf6+ Bxf6 31. Bxf6 Bxh3 32. Qg5 Qf3 33. Re1 h6 34. Qg3 Qxf6 35. Qxh3 Rxe1+ 36. Rxe1 Qg5+ 37. Qg2 Qxg2+ 38. Kxg2 Ra3 39. Re7 Rxc3 40. Rxc7 Rb3 41. Rc5 c3 42. Kh2 c2 43. Rxc2 Rxb5 44. Kg3 Kg7 45. Rc6 h5 46. Ra6 Kh6 47. Rf6 Kg7 48. Ra6 g5 49. Rc6 Rb3+ 50. Kg2 f6 51. Ra6 Kg6 52. Rc6 g4 53. Ra6 Kg5 54. Ra8 h4 55. Rc8 f5 56. Rc4 Rb2 57. Kg1 g3 58. fxg3 hxg3 0-1

[Event "Montreal op"]
[Site "Montreal"]
[Date "2018.09.08"]
[Round "3"]
[White "Poulin, Mathieu"]
[Black "Soudre, Nicolas"]
[Result "0-1"]
[WhiteElo "1980"]
[BlackElo "2087"]
[PlyCount "72"]
[EventDate "2018.09.07"]
[EventType "swiss"]
[EventRounds "5"]
[EventCountry "CAN"]
[SourceTitle "CBM 186 Extra"]
[Source "ChessBase"]
[SourceDate "2018.08.24"]
[SourceVersion "1"]
[SourceVersionDate "2018.08.24"]
[SourceQuality "1"]

1. e4 e6 2. d4 d5 3. e5 c5 4. c3 Qb6 5. Nf3 Nc6 6. h3 Bd7 7. Be2 a5 8. a4 cxd4 9. cxd4 Nge7 10. g4 h5 11. 0-0 hxg4 12. hxg4 Ng6 13. Nc3 f6 14. exf6 gxf6 15. Nb5 Be7 16. Bd3 Kf7 17. Bxg6+ Kxg6 18. Bf4 Rag8 19. Bg3 Kf7 20. g5 Qd8 21. gxf6 Bxf6 22. Re1 Qb8 23. Kg2 Ne7 24. Rh1 Nf5 25. Rxh8 Bxh8 26. Qe1 Bxb5 27. axb5 b6 28. Rc1 Nxd4 29. Nxd4 Bxd4 30. Rc6 Rg6 31. Qe2 Be5 32. Qf3+ Kg7 33. b3 Bxg3 34. fxg3 Qe5 35. Rxb6 Qb2+ 36. Kf1 Rf6 0-1

[Event "Montreal op"]
[Site "Montreal"]
[Date "2018.09.07"]
[Round "1"]
[White "Soudre, Nicolas"]
[Black "Zhong, Kevin"]
[Result "1/2-1/2"]
[WhiteElo "2087"]
[BlackElo "1877"]
[PlyCount "47"]
[EventDate "2018.09.07"]
[EventType "swiss"]
[EventRounds "5"]
[EventCountry "CAN"]
[SourceTitle "CBM 186 Extra"]
[Source "ChessBase"]
[SourceDate "2018.08.24"]
[SourceVersion "1"]
[SourceVersionDate "2018.08.24"]
[SourceQuality "1"]

1. e4 c5 2. Nc3 Nc6 3. Bb5 Nd4 4. Bc4 e6 5. Nf3 Ne7 6. Nxd4 cxd4 7. Ne2 Nc6 8. 0-0 Bc5 9. Ng3 0-0 10. d3 d5 11. Bb3 dxe4 12. Nxe4 Be7 13. Qh5 Na5 14. Ng5 Bxg5 15. Bxg5 Qc7 16. Ba4 a6 17. Be7 Qxe7 18. Qxa5 Qd6 19. Bb3 b6 20. Qd2 Bb7 21. Rae1 Rac8 22. f4 Rc5 23. Re2 Bd5 24. Rfe1 1/2-1/2

[Event "Quebec op"]
[Site "Quebec"]
[Date "2018.07.27"]
[Round "8"]
[White "Soudre, Nicolas"]
[Black "Durette, Francis"]
[Result "1-0"]
[WhiteElo "2080"]
[BlackElo "2035"]
[PlyCount "67"]
[EventDate "2018.07.21"]
[EventType "swiss"]
[EventRounds "9"]
[EventCountry "CAN"]
[SourceTitle "CBM 186 Extra"]
[Source "ChessBase"]
[SourceDate "2018.08.24"]
[SourceVersion "1"]
[SourceVersionDate "2018.08.24"]
[SourceQuality "1"]

1. e4 d6 2. Nc3 Nf6 3. f4 g6 4. Nf3 Bg7 5. d3 0-0 6. g3 c5 7. Bg2 Nc6 8. 0-0 Rb8 9. Rb1 b5 10. b3 Ng4 11. Ne2 Qb6 12. h3 Nh6 13. g4 f5 14. exf5 gxf5 15. g5 Nf7 16. Kh1 e5 17. c4 bxc4 18. bxc4 e4 19. Nh4 Nb4 20. Ng3 Nh8 21. Bb2 Bxb2 22. Rxb2 Nxd3 23. Rd2 Ng6 24. Rxd3 exd3 25. Bd5+ Rf7 26. Nhxf5 Bb7 27. Nh6+ Kf8 28. Nxf7 Bxd5+ 29. cxd5 Kxf7 30. Qxd3 Kg8 31. Nf5 Qc7 32. Nh6+ Kh8 33. Nf5 Kg8 34. Qc3 1-0

[Event "Quebec op"]
[Site "Quebec"]
[Date "2018.07.25"]
[Round "6"]
[White "Soudre, Nicolas"]
[Black "Poulin, Maurice"]
[Result "1-0"]
[WhiteElo "2080"]
[BlackElo "1970"]
[PlyCount "67"]
[EventDate "2018.07.21"]
[EventType "swiss"]
[EventRounds "9"]
[EventCountry "CAN"]
[SourceTitle "CBM 186 Extra"]
[Source "ChessBase"]
[SourceDate "2018.08.24"]
[SourceVersion "1"]
[SourceVersionDate "2018.08.24"]
[SourceQuality "1"]

1. e4 g6 2. Nc3 Bg7 3. f4 c5 4. Nf3 Nc6 5. Bb5 d6 6. Bxc6+ bxc6 7. d3 Ba6 8. 0-0 Rb8 9. Qe1 c4 10. d4 d5 11. e5 e6 12. Rf2 Ne7 13. b3 Nf5 14. Ba3 h5 15. g3 Nh6 16. Bd6 Ra8 17. Na4 cxb3 18. axb3 Nf5 19. Bb4 Bb5 20. Nc5 Qb8 21. Rc1 Bf8 22. c4 Bxc5 23. Bxc5 Ba6 24. Qc3 dxc4 25. bxc4 Bc8 26. Ng5 Qc7 27. Ne4 f6 28. Nxf6+ Kf7 29. Ne4 Rd8 30. h3 Qd7 31. g4 hxg4 32. hxg4 Rb8 33. gxf5 exf5 34. e6+ 1-0

[Event "Montreal CC-ch"]
[Site "Montreal"]
[Date "2018.06.10"]
[Round "4.2"]
[White "Soudre, Nicolas"]
[Black "Rodrigue Lemieux, Shawn"]
[Result "0-1"]
[WhiteElo "2240"]
[BlackElo "2341"]
[PlyCount "80"]
[EventDate "2018.06.08"]
[EventType "swiss"]
[EventRounds "5"]
[EventCountry "CAN"]
[SourceTitle "EXT 2022"]
[Source "ChessBase"]
[SourceDate "2021.10.06"]
[SourceVersion "1"]
[SourceVersionDate "2021.10.06"]
[SourceQuality "1"]

1. e4 c6 2. d4 d5 3. Nc3 dxe4 4. Nxe4 Nf6 5. Nxf6+ exf6 6. c3 Bd6 7. Bd3 0-0 8. Qc2 Re8+ 9. Ne2 g6 10. h4 Nd7 11. h5 Nf8 12. Be3 Be6 13. 0-0-0 a5 14. Kb1 a4 15. c4 Qa5 16. Rc1 Red8 17. Rh4 b5 18. Ka1 a3 19. b3 c5 20. Bd2 Qa7 21. d5 bxc4 22. bxc4 Bd7 23. Bc3 Ba4 24. Qd2 Qe7 25. Re4 Be5 26. Bxe5 fxe5 27. f4 Nd7 28. hxg6 hxg6 29. g4 Re8 30. Nc3 Qf6 31. Rce1 Qg7 32. fxe5 Nxe5 33. Bf1 Nf3 34. Rxe8+ Bxe8 35. Qe3 Nxe1 36. Qxe1 Qd4 37. Kb1 Rb8+ 38. Kc1 Qf4+ 39. Kd1 Ba4+ 40. Nxa4 Rb1+ 0-1

[Event "Montreal CC-ch"]
[Site "Montreal"]
[Date "2018.06.09"]
[Round "2.4"]
[White "Soudre, Nicolas"]
[Black "Morin, Louis"]
[Result "1-0"]
[WhiteElo "2240"]
[BlackElo "1875"]
[PlyCount "99"]
[EventDate "2018.06.08"]
[EventType "swiss"]
[EventRounds "5"]
[EventCountry "CAN"]
[SourceTitle "EXT 2022"]
[Source "ChessBase"]
[SourceDate "2021.10.06"]
[SourceVersion "1"]
[SourceVersionDate "2021.10.06"]
[SourceQuality "1"]

1. e4 e5 2. f4 exf4 3. Bc4 Nf6 4. Nc3 Bb4 5. Nge2 Nh5 6. 0-0 Qh4 7. d4 g5 8. Bd2 d6 9. Be1 Qg4 10. h3 Qd7 11. Nc1 Nf6 12. Qf3 Nc6 13. Bf2 Qe7 14. Nd5 Nxd5 15. exd5 Ne5 16. dxe5 dxe5 17. Bb5+ Bd7 18. Bxd7+ Qxd7 19. Nd3 Bd6 20. c4 f6 21. c5 Bf8 22. c6 bxc6 23. dxc6 Qf7 24. Rad1 Bd6 25. Nc5 f5 26. Qd5 Qxd5 27. Rxd5 h5 28. Nd7 Kf7 29. Nxe5+ Ke6 30. Ra5 Bb4 31. Rb5 Rhb8 32. Rxb8 Rxb8 33. Nd3 Ba5 34. Bxa7 Bb6+ 35. Bxb6 Rxb6 36. Rc1 Kd5 37. Kf2 Rb8 38. Ke2 Re8+ 39. Kd2 Re3 40. b3 Rg3 41. Ne1 f3 42. gxf3 Rxh3 43. Ke3 f4+ 44. Kf2 g4 45. Rc4 g3+ 46. Kg1 Rh2 47. Ng2 Ke5 48. Re4+ Kd5 49. Rxf4 Kxc6 50. Rh4 1-0

[Event "Trois-Rivieres op"]
[Site "Trois Rivieres"]
[Date "2018.03.16"]
[Round "1.12"]
[White "Soudre, Nicolas"]
[Black "Turcotte, Jonathan"]
[Result "1/2-1/2"]
[WhiteElo "2258"]
[BlackElo "1953"]
[PlyCount "86"]
[EventDate "2018.03.16"]
[EventType "swiss"]
[EventRounds "5"]
[EventCountry "CAN"]
[SourceTitle "EXT 2022"]
[Source "ChessBase"]
[SourceDate "2021.10.06"]
[SourceVersion "1"]
[SourceVersionDate "2021.10.06"]
[SourceQuality "1"]

1. e4 c6 2. d4 d5 3. Nc3 dxe4 4. Nxe4 Bf5 5. Ng3 Bg6 6. h4 h6 7. Nf3 Nd7 8. h5 Bh7 9. Bd3 Bxd3 10. Qxd3 e6 11. Bd2 Ngf6 12. 0-0-0 Be7 13. Ne4 Nxe4 14. Qxe4 Nf6 15. Qe2 Qd5 16. c4 Qe4 17. Qxe4 Nxe4 18. Be3 f5 19. g3 Bg5 20. Rh2 Bxe3+ 21. fxe3 0-0 22. Rg1 Rad8 23. b4 b6 24. Rb2 c5 25. bxc5 bxc5 26. Rb7 Rf7 27. Rxf7 Kxf7 28. g4 f4 29. exf4 cxd4 30. Rd1 Nc3 31. Rd2 Kf6 32. Kc2 Nxa2 33. Rxd4 Nb4+ 34. Kc3 Rxd4 35. Nxd4 a5 36. g5+ hxg5 37. fxg5+ Kxg5 38. Nxe6+ Kxh5 39. Nxg7+ Kg6 40. Ne6 Kf6 41. Nd4 Ke5 42. Nb3 Nc6 43. Nxa5 Nxa5 1/2-1/2

[Event "Montreal Mercredi 01"]
[Site "Montreal"]
[Date "2018.01.17"]
[Round "2"]
[White "Chiku Ratte, Olivier Kenta"]
[Black "Soudre, Nicolas"]
[Result "1-0"]
[WhiteElo "2487"]
[BlackElo "2253"]
[PlyCount "55"]
[EventDate "2018.01.10"]
[EventType "swiss"]
[EventRounds "5"]
[EventCountry "CAN"]
[SourceTitle "EXT 2022"]
[Source "ChessBase"]
[SourceDate "2021.10.06"]
[SourceVersion "1"]
[SourceVersionDate "2021.10.06"]
[SourceQuality "1"]

1. d4 e6 2. c4 Bb4+ 3. Nc3 f5 4. e3 Nf6 5. Bd3 b6 6. Nge2 Bb7 7. f3 0-0 8. 0-0 Bd6 9. Qe1 c5 10. Qh4 Nc6 11. b3 Be7 12. Qf2 Qe8 13. Bb2 Rd8 14. Rad1 Bd6 15. Bb1 Qh5 16. Ng3 Qh4 17. Nb5 Bb8 18. dxc5 f4 19. Ne4 Qxh2+ 20. Kxh2 fxe3+ 21. Qg3 Nxe4 22. fxe4 Bxg3+ 23. Kxg3 e2 24. Rxf8+ Rxf8 25. Re1 Rf1 26. Bc3 bxc5 27. Bd3 Ne5 28. Rxf1 1-0

[Event "Montreal Mercredi 11"]
[Site "Montreal"]
[Date "2017.12.06"]
[Round "4"]
[White "Saha, Ananda"]
[Black "Soudre, Nicolas"]
[Result "0-1"]
[WhiteElo "2191"]
[BlackElo "2237"]
[PlyCount "78"]
[EventDate "2017.11.15"]
[EventType "swiss"]
[EventRounds "5"]
[EventCountry "CAN"]
[SourceTitle "EXT 2022"]
[Source "ChessBase"]
[SourceDate "2021.10.06"]
[SourceVersion "1"]
[SourceVersionDate "2021.10.06"]
[SourceQuality "1"]

1. Nf3 e6 2. g3 b5 3. Bg2 Bb7 4. 0-0 Nf6 5. d3 Be7 6. e4 d6 7. Be3 0-0 8. Nbd2 Ng4 9. Bf4 e5 10. Be3 c5 11. Qe2 Nc6 12. h3 Nxe3 13. fxe3 Ba6 14. a3 Rb8 15. Qf2 b4 16. a4 b3 17. c4 Nb4 18. Ne1 Qd7 19. Ra3 Nc6 20. Nef3 Na5 21. g4 Rb4 22. Rfa1 Bb7 23. Nb1 Bc6 24. Nc3 Qd8 25. h4 Bd7 26. Qg3 Rb7 27. Nd5 Nc6 28. g5 Be6 29. Bh3 Qc8 30. Bxe6 fxe6 31. Nxe7+ Nxe7 32. Nd2 Nc6 33. Rxb3 Rxb3 34. Nxb3 Qb7 35. Ra3 Nb4 36. Nd2 Qf7 37. Kg2 Qh5 38. Nf3 Nc2 39. Rb3 Rxf3 0-1

[Event "Montreal Mercredi 11"]
[Site "Montreal"]
[Date "2017.11.29"]
[Round "3"]
[White "Didier, Have"]
[Black "Soudre, Nicolas"]
[Result "0-1"]
[WhiteElo "2096"]
[BlackElo "2237"]
[PlyCount "107"]
[EventDate "2017.11.15"]
[EventType "swiss"]
[EventRounds "5"]
[EventCountry "CAN"]
[SourceTitle "EXT 2022"]
[Source "ChessBase"]
[SourceDate "2021.10.06"]
[SourceVersion "1"]
[SourceVersionDate "2021.10.06"]
[SourceQuality "1"]

1. d4 e6 2. Bf4 c5 3. e3 Nc6 4. Nf3 Nf6 5. Nbd2 d5 6. c3 Qb6 7. Rb1 Nh5 8. Bg5 h6 9. Bh4 g5 10. Ne5 Ng7 11. Bg3 h5 12. h3 Nf5 13. Bh2 Bg7 14. e4 dxe4 15. Nec4 Qd8 16. Nxe4 cxd4 17. Qf3 Kf8 18. Ncd6 Ne5 19. Bxe5 Bxe5 20. Nc4 Bg7 21. Rd1 Bd7 22. cxd4 Bc6 23. Qa3+ Kg8 24. Bd3 Rc8 25. Ne5 Nxd4 26. Nxc6 Nxc6 27. 0-0 Bd4 28. Bb5 e5 29. Qf3 Rh6 30. Ba4 Qe7 31. Qf5 Rf8 32. Rd3 Kh8 33. Rf3 Rg6 34. h4 Nd8 35. hxg5 Ne6 36. Rh3 Nf4 37. Rh4 Qc7 38. Bb5 a6 39. Ba4 b5 40. Bb3 Kg7 41. Nf6 Rh8 42. Bc2 Qc8 43. Rxh5 Qxf5 44. Bxf5 Nxh5 45. Nxh5+ Rxh5 46. Bxg6 fxg6 47. Rc1 Rxg5 48. Rc7+ Kh6 49. Rc6 Rf5 50. Rxa6 Rxf2 51. Kh2 Rxb2 52. a3 Kg5 53. Ra8 Be3 54. Kg3 0-1

[Event "Quebec op"]
[Site "Quebec"]
[Date "2017.08.13"]
[Round "2"]
[White "Soudre, Nicolas"]
[Black "Mikhalevski, Victor"]
[Result "0-1"]
[WhiteElo "2094"]
[BlackElo "2533"]
[PlyCount "96"]
[EventDate "2017.08.12"]
[EventType "swiss"]
[EventRounds "9"]
[EventCountry "CAN"]
[SourceTitle "CBM 180 Extra"]
[Source "ChessBase"]
[SourceDate "2017.10.06"]
[SourceVersion "1"]
[SourceVersionDate "2017.10.06"]
[SourceQuality "1"]

1. e4 c5 2. Nc3 Nc6 3. f4 g6 4. Nf3 Bg7 5. Bb5 Nd4 6. Bd3 d6 7. Nxd4 cxd4 8. Ne2 Nf6 9. c3 dxc3 10. bxc3 0-0 11. 0-0 b5 12. Rb1 Bb7 13. Ng3 e5 14. fxe5 dxe5 15. Qe2 h5 16. Ba3 Qb6+ 17. Kh1 a6 18. Bxf8 Rxf8 19. Qf2 Qxf2 20. Rxf2 h4 21. Nf1 Nxe4 22. Bxe4 Bxe4 23. Rb4 f5 24. a4 bxa4 25. Rxa4 Bd3 26. Rf3 Rd8 27. Rxd3 Rxd3 28. Rxa6 Kf7 29. Kg1 h3 30. gxh3 f4 31. Kf2 Rxh3 32. Kg2 Rd3 33. Kf2 g5 34. Ke2 Rh3 35. c4 Bf8 36. Rc6 e4 37. c5 Ra3 38. Rc7+ Ke6 39. Rc8 Be7 40. c6 Ra1 41. c7 Rc1 42. Kf2 Kd7 43. Rg8 Kxc7 44. h4 Bc5+ 45. Ne3 gxh4 46. Rg4 h3 47. Rh4 fxe3+ 48. dxe3 h2 0-1

[Event "Trois-Riveres op"]
[Site "Trois Rivieres"]
[Date "2017.03.19"]
[Round "4.10"]
[White "Soudre, Nicolas"]
[Black "Zheng, Richard"]
[Result "1/2-1/2"]
[WhiteElo "2182"]
[BlackElo "1817"]
[PlyCount "96"]
[EventDate "2017.03.17"]
[EventType "swiss"]
[EventRounds "5"]
[EventCountry "CAN"]
[SourceTitle "EXT 2022"]
[Source "ChessBase"]
[SourceDate "2021.10.06"]
[SourceVersion "1"]
[SourceVersionDate "2021.10.06"]
[SourceQuality "1"]

1. e4 e5 2. f4 exf4 3. Nf3 d6 4. d4 g5 5. h4 g4 6. Ng5 h6 7. Nxf7 Kxf7 8. Bc4+ Ke8 9. Bxf4 d5 10. Bxd5 Bd6 11. Qd2 Nf6 12. Nc3 Nxd5 13. Nxd5 c6 14. e5 Be7 15. Nxe7 Qxe7 16. Bxh6 Qh7 17. Be3 Be6 18. 0-0-0 Nd7 19. Bg5 Nb6 20. Rhf1 a5 21. Rf6 Kd7 22. Rdf1 Nd5 23. Rh6 Qe4 24. Re1 Qf5 25. Rxh8 Rxh8 26. Qxa5 Qf2 27. Qd2 Rf8 28. c4 Qxd2+ 29. Kxd2 Rf2+ 30. Re2 Rxe2+ 31. Kxe2 Nb4 32. b3 Nxa2 33. Bd2 Bf5 34. h5 Ke6 35. h6 c5 36. Ke3 b6 37. dxc5 bxc5 38. Kf4 Bc2 39. g3 Nb4 40. Kxg4 Nc6 41. Be3 Nxe5+ 42. Kf4 Bxb3 43. Bxc5 Bxc4 44. h7 Bd3 45. h8N Ng6+ 46. Nxg6 Bxg6 47. Kg5 Bc2 48. Bd4 Bd1 1/2-1/2

[Event "Trois-Riveres op"]
[Site "Trois Rivieres"]
[Date "2017.03.18"]
[Round "2.7"]
[White "Soudre, Nicolas"]
[Black "Daigle, Gilles"]
[Result "1/2-1/2"]
[WhiteElo "2182"]
[BlackElo "2073"]
[PlyCount "55"]
[EventDate "2017.03.17"]
[EventType "swiss"]
[EventRounds "5"]
[EventCountry "CAN"]
[SourceTitle "EXT 2022"]
[Source "ChessBase"]
[SourceDate "2021.10.06"]
[SourceVersion "1"]
[SourceVersionDate "2021.10.06"]
[SourceQuality "1"]

1. e4 c6 2. d4 d5 3. Nc3 dxe4 4. Nxe4 Bf5 5. Ng3 Bg6 6. Nf3 Nd7 7. h4 h6 8. h5 Bh7 9. Bd3 Bxd3 10. Qxd3 Qc7 11. Bd2 e6 12. Ne4 Ngf6 13. 0-0-0 0-0-0 14. c4 c5 15. Nxf6 Nxf6 16. Bc3 cxd4 17. Nxd4 Be7 18. Qe2 Qf4+ 19. Rd2 Rd7 20. g3 Qe4 21. f3 Qxe2 22. Nxe2 Rxd2 23. Bxd2 Rd8 24. Kc2 Nd7 25. Bc3 Bf6 26. f4 Bxc3 27. Nxc3 Nf6 28. b3 1/2-1/2